000 00566 a2200193 4500
001 62106
005 20260407155914.0
008 260407a1967 arg spa d
003 AR-UNSa-BCEJYS
040 _aAR-UNSa-BCEJYS
_bspa
_cAR-UNSa-BCEJYS
080 _a331.109
_xConflictos laborales entre empresarios y empleados
245 1 0 _aConflictos colectivos del trabajo
264 1 _aBuenos Aires :
_bAbeledo Perrot
_c1967
300 _a500 p.
_c23 cm.
041 _aspa
942 _cBK
590 _aniveau_biblio:m niveau_hierar:0
100 1 _aRuprecht, Alfredo J.
999 _c7559
_d7559